|
|
|
|
| LEADER |
00780nab a2200181 i 4500 |
| 001 |
misc73624 |
| 005 |
20250526143823.0 |
| 008 |
250526s1977 hu o 000 eng d |
| 040 |
|
|
|a SZTE Miscellanea Repozitórium
|b hun
|
| 041 |
|
|
|a eng
|
| 100 |
2 |
|
|a Szent-Györgyi Albert
|
| 245 |
1 |
4 |
|a The living state and cancer
|h [elektronikus dokumentum] /
|c Szent-Györgyi Albert
|
| 260 |
|
|
|a National Academy of Sciences of the United States of America
|b Washington, D.C.
|c 1977-07-01
|
| 300 |
|
|
|a 2844-2847
|
| 490 |
0 |
|
|a Proceedings of the National Academy of Sciences of the United States of America : PNAS
|v 74 No. 7
|
| 561 |
|
|
|a Szent-Györgyi Albert tudományos és egyéb írásai
|
| 695 |
|
|
|a Rákkutatás
|
| 856 |
4 |
0 |
|u http://misc.bibl.u-szeged.hu/73624/1/szgya_amerikai_270.pdf
|z Dokumentum-elérés
|